Asignaturas académicas : (Record no. 4715)

MARC details
000 -CABECERA
campo de control de longitud fija 00799nam a2200193 a 4500
005 - FECHA Y HORA DE LA ÚLTIMA TRANSACCIÓN
campo de control 20240830063931.0
008 - ELEMENTOS DE LONGITUD FIJA--INFORMACIÓN GENERAL
campo de control de longitud fija 991125s1994 mx 000 0 spa u
020 ## - NÚMERO INTERNACIONAL NORMALIZADO PARA LIBROS
Número Internacional Estándar del Libro 9682947235
035 ## - NÚMERO DE CONTROL DEL SISTEMA
Número de control de sistema UPN01000004715
049 ## - COLECCIÓN
Colección SEP
050 #4 - SIGNATURA TOPOGRÁFICA DE LA BIBLIOTECA DEL CONGRESO
Número de clasificación LB1629.5
Número de documento/Ítem M6.31 1994 LL
245 00 - MENCIÓN DE TÍTULO
Título Asignaturas académicas :
Resto del título conceptos básicos 3.
260 ## - PUBLICACIÓN, DISTRIBUCIÓN, ETC.
Lugar de publicación, distribución, etc. México :
Nombre del editor, distribuidor, etc. SEP, Comisión Nacional de los Libros de Texto Gratuitos,
Fecha de publicación, distribución, etc. 1994.
300 ## - DESCRIPCIÓN FÍSICA
Extensión 2 v. :
Otras características físicas il.
501 ## - NOTA DE "CON"
Nota de “Con” Con: 1 semestre y 2 semestre que incluyen las asignaturas de Historia de México, orientación educativa y la asignatura optativa con sus dos módulos Ciencia y tecnología y Hombre y sociedad
650 #4 - ASIENTO SECUNDARIO DE MATERIA - TERMINO TEMATICO
Término de materia o nombre geográfico como elemento de entrada Educación secundaria
Subdivisión geográfica México
Subdivisión general Planes y programas
9 (RLIN) 9976
650 #4 - ASIENTO SECUNDARIO DE MATERIA - TERMINO TEMATICO
Término de materia o nombre geográfico como elemento de entrada Enseñanza
Subdivisión de forma Materiales auxiliares
9 (RLIN) 12548
905 ## - TIPO DE MATERIAL
Tipo de material Libro
Holdings
Estado de retiro Estado de pérdida Fuente del sistema de clasificación o colocación Estado dañado No para préstamo Código de colección Localización permanente Ubicación/localización actual Ubicación en estantería Fecha de adquisición Enumeración/cronología de publicación seriada Clasificación Código de barras Fecha visto por última vez Número de copia Tipo de ítem Koha
    Library of Congress Classification   Coleccion SEP Colección SEP Bib. Gregorio Torres Quintero Bib. Gregorio Torres Quintero Colección SEP 09/05/2023 v.2 LB1629.5 M6.31 1994 LL 149052 31/12/2020 1 Libro
    Library of Congress Classification   Coleccion SEP Colección SEP Bib. Gregorio Torres Quintero Bib. Gregorio Torres Quintero Colección SEP 09/05/2023 v.1 LB1629.5 M6.31 1994 LL 149053 31/12/2020 1 Libro